[Event "ICS rated blitz match"]
[Site "207.99.83.227"]
[Date "1999.03.30"]
[Round "?"]
[White "Hossa"]
[Black "TDChess"]
[Result "0-1"]
[WhiteElo "2482"]
[BlackElo "2523"]
[Annotator "Crafty v16.6"]
[PlyCount "136"]

{annotating for player Hossa using a scoring margin of +0.10 pawns. search
time limit is 12.00} 1. e4 1... e6 2. d4 d5 3. Nc3 Bb4 4. e5 ({7:-0.71} 4. e5
4... Ne7 5. Bd3 O-O 6. Qh5 Nf5 7. Bg5 $17) ({7:+0.05} 4. Qg4 4... g6 5. exd5
Nf6 6. Qg5 Nxd5 7. Nge2 Nxc3 8. Qxd8+ Kxd8 9. Nxc3 $10) 4... c5 5. a3 ({7:-0.16
} 5. a3 5... Bxc3+ 6. bxc3 cxd4 7. Qg4 Qa5 8. Ne2 dxc3 9. Qxg7 $10) ({7:+0.30} 
5. Qg4 5... Kf8 6. Nf3 Nd7 7. Bd2 Qb6 8. Qf4 $10) 5... Bxc3+ 6. bxc3 Nc6 7. Qg4
g6 8. Be2 ({8:-0.33} 8. Be2 8... Qa5 9. Bd2 Qa4 10. Nf3 h5 11. Qg5 11... cxd4
$15) ({8:-0.09} 8. Nf3 8... Qa5 9. Bd2 Qa4 10. Ra2 Nge7 11. Qf4 11... c4 $10)
8... h5 9. Qf4 Qa5 10. Bd2 Qa4 11. Nf3 Qxc2 12. O-O ({8:+0.20} 12. O-O 12...
Qe4 13. Qxe4 dxe4 14. Ng5 cxd4 15. Nxe4 Nxe5 16. cxd4 $10) ({8:+0.56} 12. dxc5
12... Qe4 13. Rd1 f5 14. exf6 Qxf4 15. Bxf4 Nxf6 16. O-O 16... Bd7 $14) 12...
Qe4 13. Bb5 ({10:-0.31} 13. Bb5 13... Qxf4 14. Bxf4 c4 15. Rab1 Nge7 16. Ba4
Nf5 17. Ng5 O-O 18. Rfe1 $15) ({10:-0.09} 13. Qxe4 13... dxe4 14. Ng5 cxd4 15.
Nxe4 Nxe5 16. cxd4 Nc6 17. Nd6+ Ke7 18. Nb5 18... Nf6 $10) 13... Qxf4 14. Bxf4
cxd4 15. Bxc6+ ({10:-0.42} 15. Bxc6+ 15... bxc6 16. cxd4 Rb8 17. Bg5 Bd7 18.
Rfe1 Rb2 19. Rac1 Ne7 20. Bf6 20... Rf8 $15) ({10:-0.22} 15. cxd4 15... Nge7
16. Bg5 a6 17. Bf6 O-O 18. Be2 Nf5 19. Rad1 19... b6 $10) 15... bxc6 16. cxd4
Ba6 17. Rfc1 Kd7 18. Rc5 Ne7 19. Bg5 Nf5 20. Re1 Rab8 21. Bf6 Rhg8 22. a4 Bd3
23. Ra5 a6 24. Bg5 Rb2 25. Bc1 Ra2 26. h3 Bb5 27. Bg5 Rxa4 28. Rxa4 Bxa4 29. g4
Nxd4 30. Nxd4 Rb8 31. gxh5 gxh5 32. Rc1 Rb4 33. Nf3 Bb5 34. Kg2 a5 35. Be3 a4
36. Bc5 Rc4 37. Rxc4 Bxc4 38. Ng5 Ke8 39. Nh7 h4 40. Nf6+ Kd8 41. Kf3 Kc7 42.
Kg4 Bd3 43. Kxh4 Kb7 44. Kg5 Ka6 45. h4 Kb5 46. Nd7 Ka5 47. h5 Be2 48. h6 Bd3
49. Kf6 Kb5 50. Kg7 Kc4 51. h7 Bxh7 52. Kxh7 d4 53. Kg8 d3 54. Be3 a3 55. f4 a2
56. Kxf7 a1=Q 57. Kxe6 Qe1 58. Bb6 Qh1 59. Be3 Qh3+ 60. f5 Qxe3 61. f6 d2 62.
f7 d1=Q 63. f8=Q Qh3+ 64. Kf6 Qh4+ 65. Ke6 Qd5+ 66. Kf5 Qxd7+ 67. e6 Qd3+ 68.
Ke5 Qhd4# 0-1

[Event "ICS rated blitz match"]
[Site "207.99.83.227"]
[Date "1999.03.30"]
[Round "?"]
[White "Hossa"]
[Black "TDChess"]
[Result "0-1"]
[WhiteElo "2468"]
[BlackElo "2539"]
[Annotator "Crafty v16.6"]
[PlyCount "156"]

{annotating for player Hossa using a scoring margin of +0.10 pawns. search
time limit is 12.00} 1. e4 1... e6 2. d4 d5 3. Nd2 f5 4. exf5 exf5 5. Ngf3 Nf6
6. Be2 Be7 7. O-O O-O 8. Ne5 Qe8 9. Ndf3 Kh8 10. Bg5 Be6 11. Re1 h6 12. Bxf6
Rxf6 13. Nh4 Kh7 14. Bh5 Qb5 15. a4 Qb6 16. Nhg6 Bb4 17. c3 Bd6 18. Nf4 Bg8 19.
Qc2 g5 20. a5 Qb5 21. Bg6+ Kh8 22. Bxf5 gxf4 23. Bd3 Bh7 24. Bxh7 Bxe5 25. dxe5
Rf7 26. Bg6 Rg7 27. e6 Nc6 28. Bd3 Qc5 29. Qd2 Qd6 30. a6 Rag8 31. Bf1 b6 32.
Rad1 Rg5 33. Qd3 Ne5 34. Qd4 Qxe6 35. Qxf4 Qf5 36. Qxf5 Rxf5 37. Re2 Rh5 38.
Re3 Rf5 39. Rh3 Kh7 40. Rxd5 Nf3+ 41. Rxf3 Rxd5 42. Rf7+ Rg7 43. Rxg7+ Kxg7 44.
f4 Ra5 45. g4 Ra4 46. b4 c5 47. bxc5 bxc5 48. g5 Rxf4 49. gxh6+ Kxh6 50. Bb5
Rf3 51. c4 Kg5 52. Kg2 Rd3 53. Bc6 Rd6 54. Bb7 Rd2+ 55. Kg3 Rd3+ 56. Bf3 Rc3
57. h4+ Kh6 58. Kf2 Rxc4 59. Kg3 Rd4 60. Bg4 c4 61. Bf5 Rd6 62. Kf4 Rf6 63. Ke3
Rxf5 64. Ke4 c3 65. Kd3 c2 66. Kxc2 Rf6 67. Kd2 Rxa6 68. Ke3 Rd6 69. Ke4 Kh5
70. Ke5 Rd1 71. Ke4 Kxh4 72. Kf4 a5 73. Kf5 a4 74. Kg6 a3 75. Kh6 Rg1 76. Kh7
a2 77. Kh8 a1=Q+ 78. Kh7 Qg7# 0-1

[Event "ICS rated blitz match"]
[Site "207.99.83.227"]
[Date "1999.03.30"]
[Round "?"]
[White "TDChess"]
[Black "Hossa"]
[Result "1-0"]
[WhiteElo "2552"]
[BlackElo "2455"]
[Annotator "Crafty v16.6"]
[PlyCount "143"]

{annotating for player Hossa using a scoring margin of +0.10 pawns. search
time limit is 12.00} 1. Nf3 1... c5 2. e4 e6 3. Bb5 Be7 4. Nc3 Nf6 ({9:-0.57} 
4... Nf6 5. e5 Nh5 6. O-O O-O 7. Ne4 Nc6 8. Nd6 8... Nf4 $14) ({9:-0.46} 4...
a6 5. Bc4 Nc6 6. O-O Nf6 7. Qe2 O-O 8. Ng5 8... Nd4 $14) 5. d4 cxd4 6. Qxd4 Nc6
7. Qa4 Qc7 8. Bg5 O-O 9. O-O-O d6 10. Kb1 Bd7 11. Nd4 Rfc8 12. Nxc6 bxc6 13.
Ba6 Rcb8 14. Qa3 c5 ({8:+0.48} 14... c5 15. Bc4 Rb4 16. Bb3 h6 17. Bh4 d5 18.
f3 $15) ({8:+0.65} 14... Be8 15. Be3 d5 16. Bc5 Bxc5 17. Qxc5 dxe4 18. Qd6 Qxd6
19. Rxd6 $15) 15. f4 Bc6 16. Bd3 Rb4 17. Qa6 Rab8 18. b3 R8b6 19. Qa3 c4 20.
Bf1 cxb3 21. axb3 Nxe4 22. Nxe4 Bxe4 23. Bd3 Bxg2 24. Rhg1 Bxg5 25. fxg5 Bf3
26. Rde1 Bd5 27. Kb2 e5 28. Ra1 Rb7 29. Ba6 Rb8 30. Rg3 Be6 31. Be2 R8b7 32.
Ba6 R7b6 33. Be2 Bf5 34. Rc3 Qd8 35. Qxa7 Rb8 36. Qg1 d5 37. Rf1 Qd7 38. Qg3 e4
39. Qe5 Be6 40. Rc7 Qd8 41. Bh5 g6 42. Bg4 R8b6 43. Rf6 Qe8 44. Bxe6 Rxe6 45.
Qxd5 Rbb6 46. Rd7 Rxf6 47. gxf6 Rb8 48. Re7 Qf8 49. Qxe4 Rd8 50. c4 Kh8 51. Qe3
Kg8 52. Kc1 Rb8 53. Qe5 h6 54. Kc2 h5 55. Qd5 h4 56. h3 Rb4 57. Qe4 Rb8 58. c5
Qc8 59. Qd5 Kh8 60. Kb2 Qxh3 61. Qxf7 Rxb3+ 62. Qxb3 Qg2+ 63. Ka3 Qa8+ 64. Qa4
Qf3+ 65. Kb4 Qf4+ 66. Ka5 Qd2+ 67. Ka6 Qd3+ 68. Kb7 Qd5+ 69. c6 Qf7 70. Rxf7
Kg8 71. Rg7+ Kh8 72. Qxh4# 1-0

[Event "ICS Rated blitz match"]
[Site "207.99.83.227"]
[Date "1999.03.30"]
[Round "?"]
[White "jo"]
[Black "Hossa"]
[Result "0-1"]
[WhiteElo "2545"]
[BlackElo "2443"]
[PlyCount "88"]

1. e4 c5 2. Nf3 Nc6 3. Bb5 a6 4. Bxc6 dxc6 5. d3 Bg4 6. a4 c4 7. dxc4 Qxd1+ 8.
Kxd1 Nf6 9. Nbd2 e6 10. h3 Bxf3+ 11. gxf3 O-O-O 12. Ke2 Be7 13. Nb3 Nd7 14. Be3
Ne5 15. c5 Nc4 16. Rab1 f5 17. Rhd1 Rxd1 18. Kxd1 fxe4 19. fxe4 Nxe3+ 20. fxe3
Bf6 21. Ke2 Kc7 22. Nd4 Re8 23. Nf3 a5 24. c3 g5 25. e5 Be7 26. b4 axb4 27.
cxb4 Rf8 28. a5 h5 29. Rg1 Rg8 30. Nh2 Rf8 31. Nf3 Rg8 32. Rg2 g4 33. hxg4 hxg4
34. Nh2 g3 35. Nf3 Kd7 36. Kd3 Rg4 37. e4 Bf8 38. Nd4 Bg7 39. Nf3 Bh6 40. Ke2
Rxe4+ 41. Kd1 Bf4 42. Ng1 Rd4+ 43. Ke1 Rxb4 44. Ne2 44... Rb1+ {jo resigns} 0-1

[Event "ICS rated blitz match"]
[Site "207.99.83.227"]
[Date "1999.03.30"]
[Round "?"]
[White "Hossa"]
[Black "TDChess"]
[Result "0-1"]
[WhiteElo "2464"]
[BlackElo "2564"]
[Annotator "Crafty v16.6"]
[PlyCount "136"]

{annotating for player Hossa using a scoring margin of +0.10 pawns. search
time limit is 12.00} 1. e4 1... e6 2. Nf3 d5 3. exd5 exd5 4. Bb5+ c6 5. Be2 Nf6
6. O-O Bd6 7. d3 O-O 8. Bg5 h6 9. Bh4 g5 10. Bg3 Bxg3 11. hxg3 Qb6 12. b3 Re8
13. Re1 c5 14. Nc3 Bd7 15. Rc1 ({8:-0.48} 15. Rc1 15... g4 16. Nh4 d4 17. Nb1
Qd6 18. Qd2 18... Nd5 $15) ({8:-0.05} 15. d4 15... cxd4 16. Nxd4 Nc6 17. Ndb5
Qc5 18. Na4 Qe7 19. Qd3 $10) 15... g4 16. Nh2 Qa5 17. Qd2 Nc6 18. b4 cxb4 19.
Qxh6 Re6 20. Qg5+ Kf8 21. Nxg4 Nxg4 22. Bxg4 bxc3 23. Bxe6 fxe6 24. Qf6+ Kg8
25. Rb1 Qc7 26. Qxc3 Rf8 27. Qc5 Rf5 28. c3 b6 29. Qa3 Rh5 30. Rb2 Kf7 31. Qa4
e5 32. d4 e4 33. Qd1 Kg6 34. c4 Qb8 35. cxd5 Qh8 36. Qxh5+ Qxh5 37. dxc6 Bxc6
38. Rc1 Qd5 39. Rb4 e3 40. f3 Bd7 41. Rc7 Qxa2 42. Rxd7 e2 43. Re7 Kf6 44. Re4
Qa1+ 45. Kh2 e1=Q 46. Rxe1 Qxe1 47. Rc4 Qe8 48. Rb4 Qh5+ 49. Kg1 Qa5 50. Rc4
Qd5 51. Ra4 Qd7 52. Rb4 b5 53. Kh2 a5 54. Rb3 b4 55. Rb2 Qxd4 56. Ra2 Qe5 57.
Rc2 b3 58. Rc6+ Ke7 59. Rh6 b2 60. Rh7+ Kd6 61. Rb7 a4 62. f4 Qh8+ 63. Kg1 a3
64. Rb3 a2 65. Rd3+ Kc6 66. Rd1 b1=Q 67. g4 Qd4+ 68. Kh1 Qh7# 0-1

[Event "ICS rated blitz match"]
[Site "207.99.83.227"]
[Date "1999.03.30"]
[Round "?"]
[White "Fallen-Star"]
[Black "Hossa"]
[Result "1-0"]
[WhiteElo "2264"]
[BlackElo "2452"]
[Annotator "Crafty v16.6"]
[PlyCount "77"]

{annotating for player Hossa using a scoring margin of +0.10 pawns. search
time limit is 12.00} 1. d4 1... Nf6 2. Nf3 e6 3. Bg5 Be7 4. Nbd2 O-O 5. e4 d5
6. Bxf6 Bxf6 7. e5 Be7 8. Bd3 b6 ({9:-0.16} 8... b6 9. O-O c5 10. c3 Nc6 11.
Qc2 Kh8 12. Rac1 12... Bb7 $10) ({9:+0.11} 8... c5 9. dxc5 Nd7 10. b4 Qc7 11.
Qe2 a5 12. c3 axb4 13. cxb4 $10) 9. h4 Ba6 ({8:-0.11} 9... Ba6 10. Qe2 Bxd3 11.
Qxd3 c5 12. Ng5 g6 13. Ndf3 13... Nc6 $10) ({8:+0.35} 9... c5 10. dxc5 Bxc5 11.
h5 h6 12. Qe2 Nc6 13. O-O-O 13... Bb7 $15) 10. Qe2 Bxd3 11. Qxd3 h6 ({8:-0.18} 
11... h6 12. O-O-O c5 13. Kb1 Nc6 14. Qe3 cxd4 15. Nxd4 15... Rc8 $10) ({
8:+0.11} 11... c5 12. O-O-O cxd4 13. Nxd4 Nd7 14. Nc6 Nc5 15. Qd4 15... Qc7 $10
) 12. O-O-O c5 13. g4 Nc6 14. g5 Nb4 15. Qe3 cxd4 ({8:-0.48} 15... cxd4 16.
Nxd4 hxg5 17. a3 Nxc2 18. Kxc2 gxh4 19. Rh3 Rc8+ 20. Kb1 $14) ({8:+0.26} 15...
Rc8 16. c3 hxg5 17. a3 cxd4 18. Nxd4 Nc6 19. hxg5 Nxd4 20. Qxd4 20... Bxg5 $10)
16. Nxd4 hxg5 17. Kb1 gxh4 18. f4 Bc5 19. N2f3 Nc6 20. c3 Nxd4 21. cxd4 Be7 22.
Ng5 Qe8 23. Rxh4 Bxg5 24. fxg5 f6 25. gxf6 Qg6+ 26. Ka1 Qc2 27. Rg1 Kf7 28.
fxg7 Rg8 29. Qg5 Ke8 30. Qh5+ Ke7 31. Rf4 Kd7 32. Qf7+ Kc6 33. Qxe6+ Kb5 34.
Qxd5+ Ka6 35. Rf3 b5 36. Qd6+ Kb7 37. Rf7+ Kc8 38. Qd7+ Kb8 39. Qb7# 1-0

[Event "ICS rated blitz match"]
[Site "207.99.83.227"]
[Date "1999.03.30"]
[Round "?"]
[White "Hossa"]
[Black "Fallen-Star"]
[Result "1-0"]
[WhiteElo "2428"]
[BlackElo "2288"]
[PlyCount "35"]

1. e4 c5 2. Bc4 Nc6 3. a3 a6 4. Nf3 e6 5. Nc3 Qc7 6. O-O Nf6 7. d3 b6 8. Bg5
Be7 9. Qe1 Nd4 10. Nxd4 cxd4 11. Ne2 Ng4 12. Bf4 e5 13. Bg3 b5 14. Bd5 Rb8 15.
Nxd4 O-O 16. Nf5 Bc5 17. d4 Ba7 18. h3 {Fallen-Star resigns} 1-0

[Event "ICS rated blitz match"]
[Site "207.99.83.227"]
[Date "1999.03.30"]
[Round "?"]
[White "Fallen-Star"]
[Black "Hossa"]
[Result "0-1"]
[WhiteElo "2278"]
[BlackElo "2438"]
[PlyCount "86"]

1. d4 Nf6 2. Nf3 e6 3. Bg5 Be7 4. Nbd2 O-O 5. e4 d5 6. Bxf6 Bxf6 7. e5 Be7 8.
Bd3 c5 9. c3 Nc6 10. a3 cxd4 11. cxd4 f6 12. O-O fxe5 13. dxe5 Qe8 14. b4 Qh5
15. Re1 Bd7 16. b5 Nd8 17. a4 Bc5 18. Rc1 Rc8 19. Nb3 Bb4 20. Rxc8 Bxc8 21. Rf1
Nf7 22. Qe2 Bc3 23. Rc1 Bxe5 24. Nxe5 Qxe2 25. Bxe2 Nxe5 26. Rc7 Nf7 27. Nc5
Nd6 28. Bg4 Re8 29. f4 Kf8 30. Nd3 Re7 31. Rc5 g6 32. Ne5 Ke8 33. a5 Kd8 34.
Be2 Nf7 35. Nd3 g5 36. g3 Bd7 37. Nb4 gxf4 38. gxf4 Nd6 39. Bd3 Rf7 40. a6 b6
41. Nc6+ Bxc6 42. Rxc6 Kd7 43. f5 43... Nxf5 {Fallen-Star resigns} 0-1

[Event "ICS rated blitz match"]
[Site "207.99.83.227"]
[Date "1999.03.30"]
[Round "?"]
[White "Hossa"]
[Black "TDChess"]
[Result "1/2-1/2"]
[WhiteElo "2447"]
[BlackElo "2588"]
[PlyCount "159"]

1. e4 e6 2. d4 d5 3. Nc3 Bb4 4. Qg4 Nf6 5. Qxg7 Rg8 6. Qh6 Rg6 7. Qh3 dxe4 8.
Nge2 e5 9. Qe3 exd4 10. Nxd4 Qe7 11. Bd2 Bc5 12. O-O-O Bd7 13. f3 Qe5 14. Nce2
Nc6 15. Nxc6 Bxc6 16. Qf4 Qe6 17. Qxc7 Qxa2 18. Qe5+ Be7 19. Nc3 Qa1+ 20. Nb1
Nd7 21. Qf5 exf3 22. gxf3 O-O-O 23. Qxf7 Bf6 24. c3 Bxf3 25. Qc4+ Kb8 26. Bf4+
Ka8 27. Rxd7 Re8 28. Bd3 Bxh1 29. Bxg6 hxg6 30. Rc7 Re1+ 31. Kd2 Qxb2+ 32. Kxe1
Bh4+ 33. Bg3 Qxb1+ 34. Ke2 Qc2+ 35. Ke3 Bg5+ 36. Bf4 Bxf4+ 37. Kxf4 Qxh2+ 38.
Kg5 Qd2+ 39. Kxg6 Be4+ 40. Kh5 Qd1+ 41. Kg5 Qd8+ 42. Kg4 Kb8 43. Rf7 Bc6 44.
Qf4+ Kc8 45. Qd4 Qe8 46. Rg7 Kb8 47. Qd6+ Ka8 48. Qc5 Qd8 49. Qd4 Qc8+ 50. Kg5
Qb8 51. c4 Qe8 52. Rc7 a5 53. Rh7 Qg8+ 54. Rg7 Qb8 55. Kg4 Qc8+ 56. Kg3 Qh8 57.
Qe5 Qd8 58. Qc5 a4 59. Re7 Qd2 60. Kg4 Qg2+ 61. Kf5 Qh3+ 62. Kg5 Qg3+ 63. Kh6
Qh4+ 64. Kg6 Qg4+ 65. Kf7 Qf4+ 66. Kg7 Qd2 67. Rc7 Bd7 68. Qb6 Qc3+ 69. Kg8
Qg3+ 70. Kf7 Qf3+ 71. Ke7 Bg4 72. Ke8 a3 73. Rc8+ Bxc8 74. Qa5+ Kb8 75. Qe5+
Ka7 76. Qa5+ Kb8 77. Qe5+ Ka7 78. Qa5+ Kb8 79. Qe5+ Ka7 80. Qa5+ {
Game drawn by repetition} 1/2-1/2

[Event "ICS rated blitz match"]
[Site "207.99.83.227"]
[Date "1999.03.30"]
[Round "?"]
[White "JUNIORE"]
[Black "Hossa"]
[Result "0-1"]
[WhiteElo "2293"]
[BlackElo "2453"]
[PlyCount "49"]

1. e4 c5 2. Nf3 Nc6 3. d3 Nf6 4. g3 e5 5. Bg2 Be7 6. O-O O-O 7. Nc3 d6 8. Nd5
Nxd5 9. exd5 Nb4 10. Nd2 Bd7 11. c3 Nxd3 12. a4 Qe8 13. b3 f5 14. Ba3 Qf7 15.
Nc4 e4 16. Ne3 Qg6 17. f3 Rae8 18. fxe4 fxe4 19. b4 Rxf1+ 20. Bxf1 cxb4 21.
cxb4 Bf6 22. Rb1 Qg5 23. Nc4 Bd4+ 24. Kg2 Bg4 25. Bxd3 {JUNIORE resigns} 0-1

[Event "ICS rated blitz match"]
[Site "207.99.83.227"]
[Date "1999.03.30"]
[Round "?"]
[White "Hossa"]
[Black "JUNIORE"]
[Result "1-0"]
[WhiteElo "2462"]
[BlackElo "2284"]
[PlyCount "59"]

1. e4 e6 2. d4 d5 3. Nd2 Nc6 4. Bb5 Nf6 5. e5 Nd7 6. Ne2 f6 7. Bxc6 bxc6 8. Nf4
Qe7 9. exf6 Qxf6 10. Qg4 Kf7 11. Nf3 h6 12. O-O Bd6 13. Re1 Re8 14. Qh5+ Kf8
15. Qxe8+ Kxe8 16. Rxe6+ Qxe6 17. Nxe6 Kf7 18. Nd8+ Kf6 19. Nxc6 Ba6 20. Bd2
Re8 21. Nxa7 g5 22. Re1 Ra8 23. Nc6 Bb5 24. Na5 Bf4 25. Bxf4 Rxa5 26. Be5+ Kf5
27. a3 c5 28. dxc5 Nxe5 29. Rxe5+ Kf6 30. Rxd5 {JUNIORE resigns} 1-0

[Event "ICS rated blitz match"]
[Site "207.99.83.227"]
[Date "1999.03.30"]
[Round "?"]
[White "TDChess"]
[Black "Hossa"]
[Result "1-0"]
[WhiteElo "2582"]
[BlackElo "2470"]
[Annotator "Crafty v16.6"]
[PlyCount "131"]

{annotating for player Hossa using a scoring margin of +0.10 pawns. search
time limit is 12.00} 1. Nf3 1... c5 2. e4 d6 3. Nc3 Nf6 4. d4 cxd4 5. Nxd4 Nc6
({8:-0.82} 5... Nc6 6. Bb5 Bd7 7. O-O Nxd4 8. Qxd4 e5 9. Bxd7+ Qxd7 10. Qc4
10... Be7 $16) ({8:-0.42} 5... e5 6. Nf3 Nc6 7. Bc4 Bg4 8. O-O Nd4 9. Be2 Nxe2+
10. Qxe2 $14) 6. Nxc6 bxc6 7. Be2 g6 ({9:-0.65} 7... g6 8. O-O Bg7 9. e5 dxe5
10. Qxd8+ Kxd8 11. Bg5 Ke8 12. Rad1 12... Bf5 $14) ({9:-0.52} 7... e6 8. Bf4 e5
9. Bg5 Be7 10. O-O O-O 11. Rb1 Nd7 12. Be3 $14) 8. O-O Bg7 9. Be3 O-O 10. Qd2
Rb8 11. Bxa7 Rb7 ({9:-0.39} 11... Rb7 12. Be3 Rxb2 13. Qc1 Rb4 14. a3 Rb7 15.
Bh6 15... Bg4 $14) ({9:-0.12} 11... Rxb2 12. Rfb1 Rxb1+ 13. Rxb1 Qa5 14. Bb6
Qe5 15. Qd4 Qf4 16. Qe3 16... Qh4 $10) 12. Bd4 e5 ({9:-0.57} 12... e5 13. Be3
Rxb2 14. Rfd1 Qa5 15. Qd3 Be6 16. Bc1 16... Rb7 $14) ({9:-0.34} 12... Rxb2 13.
Rfd1 Be6 14. Qc1 Rb8 15. Qf4 Qd7 16. e5 Nd5 17. Nxd5 Bxd5 18. exd6 Bxd4 19.
Rxd4 19... exd6 $14) 13. Be3 Rxb2 14. Rfb1 Rb7 ({8:-0.74} 14... Rb7 15. Rxb7
Bxb7 16. Bh6 Bxh6 17. Qxh6 d5 18. Bf3 Qd6 19. a4 $16) ({8:-0.45} 14... Rxb1+
15. Rxb1 d5 16. exd5 cxd5 17. Bh6 Bxh6 18. Qxh6 Bf5 19. Bd1 Ne4 20. Nxe4 20...
Bxe4 $14) 15. Rxb7 Bxb7 16. Rb1 Bc8 17. a4 Be6 18. Bb6 Qe7 19. Qg5 h6 20. Qe3
g5 21. a5 Rb8 22. a6 Nd7 23. Bc7 Rxb1+ 24. Nxb1 d5 25. a7 Qf8 26. exd5 Bxd5 27.
c4 Be6 28. Bb8 Qb4 29. a8=Q Qxb1+ 30. Bf1 Qxb8 31. Qxc6 Qb2 32. Qe1 Qd4 33. Be2
Nc5 34. Qb1 Bxc4 35. Bxc4 Qxc4 36. Qe8+ Bf8 37. Qxe5 Ne6 38. Qef5 Bg7 39. Qh7+
Kf8 40. Qb8+ Ke7 41. Qhb1 Qd4 42. Qa8 Be5 43. g3 Nc5 44. Qa7+ Kf6 45. Qh7 Qd1+
46. Kg2 Qd5+ 47. f3 Qd2+ 48. Kh3 Qd7+ 49. Qxd7 Nxd7 50. Qxh6+ Ke7 51. Qxg5+ f6
52. Qd2 Bd6 53. Kg2 Ke6 54. h4 Be5 55. h5 Nb6 56. f4 Bc7 57. Qa2+ Nd5 58. f5+
Ke5 59. h6 Ne3+ 60. Kf3 Kxf5 61. h7 Ng4 62. h8=Q Ne5+ 63. Ke2 Nc4 64. Qxc4 Kg5
65. Qhg8+ Kh5 66. Qh4# 1-0

[Event "ICS rated blitz match"]
[Site "207.99.83.227"]
[Date "1999.03.30"]
[Round "?"]
[White "Hossa"]
[Black "jo"]
[Result "1-0"]
[WhiteElo "2459"]
[BlackElo "2569"]
[PlyCount "43"]

1. e4 c5 2. Bc4 e6 3. Nc3 b6 4. Nf3 Bb7 5. O-O h5 6. d4 cxd4 7. Qxd4 a6 8. Bg5
Qc7 9. Rad1 f6 10. Bh4 Bc5 11. Qd3 Ne7 12. Bg3 e5 13. Na4 b5 14. Nxc5 bxc4 15.
Qxc4 d6 16. Qa4+ Bc6 17. Ne6 Qb6 18. Qc4 Kd7 19. Nxg7 d5 20. exd5 Bb5 21. Qb3
Qc5 22. d6 {jo resigns} 1-0

[Event "ICS rated blitz match"]
[Site "207.99.83.227"]
[Date "1999.03.30"]
[Round "?"]
[White "TDChess"]
[Black "Hossa"]
[Result "1-0"]
[WhiteElo "2581"]
[BlackElo "2480"]
[Annotator "Crafty v16.6"]
[PlyCount "117"]

{annotating for player Hossa using a scoring margin of +0.10 pawns. search
time limit is 12.00} 1. Nf3 1... d5 2. d4 Nf6 3. c4 e6 4. e3 Be7 5. Bd3 O-O 6.
O-O dxc4 7. Bxc4 a6 8. Nc3 b5 9. Bd3 Bb7 10. a3 Nbd7 11. e4 c5 12. Be3 b4 13.
axb4 cxb4 14. e5 Ng4 15. Ne4 Rc8 ({8:-0.46} 15... Rc8 16. Bf4 Nb6 17. h3 Nh6
18. Bxh6 gxh6 19. Nd6 Bxd6 20. exd6 Qxd6 21. Bxa6 $14) ({8:+0.44} 15... Nxe3
16. fxe3 Rc8 17. Qe2 Qc7 18. Nfg5 h6 19. Nf3 19... Rfd8 $15) 16. Bf4 Nb6 17.
Neg5 Bxf3 18. Nxf3 Nd5 19. Bd2 Bh4 20. Rxa6 Bxf2+ 21. Rxf2 Nxf2 22. Kxf2 Qe7
23. Qb3 Qb7 24. Ra5 Ra8 25. Rb5 Qd7 26. Bxb4 Rfc8 27. Bd2 Ra1 28. Rc5 Rd8 29.
Be4 Ne7 30. Qc2 Ng6 31. Bg5 Rf8 32. Rc7 Qe8 33. Bxg6 fxg6 34. Be7 Rf7 35. Rc8
Rxe7 36. Qc6 Qf8 37. Rxf8+ Kxf8 38. Ng5 h6 39. Nxe6+ Kf7 40. Nd8+ Kg8 41. Qxg6
Rd1 42. Ke3 Rh1 43. Qg3 Rd7 44. Nc6 Kh7 45. Qh4 g6 46. Ne7 g5 47. Qe4+ Kg7 48.
Qg6+ Kf8 49. Qf6+ Ke8 50. Nc6 Re1+ 51. Kd2 Rf1 52. Qxf1 Rf7 53. Qa6 Kf8 54. e6
Kg8 55. exf7+ Kf8 56. Ne5 Kg7 57. Qg6+ Kf8 58. Qxh6+ Ke7 59. f8=Q# 1-0

[Event "ICS rated blitz match"]
[Site "207.99.83.227"]
[Date "1999.03.30"]
[Round "?"]
[White "Hossa"]
[Black "kaspinha"]
[Result "1-0"]
[WhiteElo "2469"]
[BlackElo "2178"]
[PlyCount "201"]

1. e4 c6 2. Nc3 d5 3. exd5 cxd5 4. Bb5+ Bd7 5. Nf3 Bxb5 6. Nxb5 Nc6 7. O-O e6
8. d3 Nf6 9. Be3 a6 10. Nbd4 Nxd4 11. Bxd4 Be7 12. c4 O-O 13. Qb3 dxc4 14. dxc4
Qc7 15. Rae1 Rac8 16. Ne5 g6 17. Bb6 Qd6 18. Qe3 Nd7 19. Rd1 Qxe5 20. Rxd7 Qxe3
21. fxe3 Bc5 22. Rxb7 Bxb6 23. Rxb6 Rxc4 24. Rxa6 Rc2 25. b4 Rd8 26. Ra7 f5 27.
g3 Rdd2 28. Ra8+ Kf7 29. Ra7+ Kf6 30. Rxh7 Rxa2 31. e4 Rg2+ 32. Kh1 Rgb2 33.
exf5 exf5 34. Kg1 g5 35. b5 Kg6 36. Rh8 Rxb5 37. Rf2 Rb1+ 38. Kg2 Rxf2+ 39.
Kxf2 Rb2+ 40. Ke3 g4 41. Kd4 Re2 42. Kc4 Rd2 43. Kc5 Kf6 44. Rf8+ Ke6 45. Re8+
Kf7 46. Rh8 Ra2 47. Kd4 Ke6 48. Rh7 Ra3 49. Rh6+ Kf7 50. Ke5 Kg7 51. Re6 Ra2
52. Kxf5 Rxh2 53. Rg6+ Kf7 54. Rxg4 Rh1 55. Rg5 Rf1+ 56. Ke4 Re1+ 57. Kf3 Rf1+
58. Kg4 Ra1 59. Kf4 Ra4+ 60. Kf3 Ra3+ 61. Kg2 Ra2+ 62. Kh3 Kf6 63. Rd5 Rb2 64.
Rd4 Kg5 65. Rg4+ Kf5 66. Rg8 Kf6 67. g4 Kf7 68. Rg5 Rb1 69. Ra5 Rg1 70. Kh4 Kg6
71. Ra6+ Kg7 72. Kg5 Rf1 73. Ra7+ Kf8 74. Kg6 Rb1 75. Ra8+ Ke7 76. g5 Rg1 77.
Rb8 Rg2 78. Rc8 Rg1 79. Ra8 Rg2 80. Rg8 Rg1 81. Rh8 Rg2 82. Rh7+ Kf8 83. Rd7
Rg1 84. Rd8+ Ke7 85. Rc8 Rg2 86. Rh8 Rg1 87. Rh7+ Kf8 88. Rf7+ Ke8 89. Rf5 Rg2
90. Kg7 Ke7 91. Re5+ Kd6 92. Kf6 Rf2+ 93. Rf5 Rxf5+ 94. Kxf5 Ke7 95. g6 Kf8 96.
Kf6 Kg8 97. g7 Kh7 98. Kf7 Kh6 99. g8=Q Kh5 100. Qg3 Kh6 101. Qg6# {
kaspinha checkmated} 1-0

[Event "ICS rated blitz match"]
[Site "207.99.83.227"]
[Date "1999.03.30"]
[Round "?"]
[White "TDChess"]
[Black "Hossa"]
[Result "1-0"]
[WhiteElo "2592"]
[BlackElo "2474"]
[Annotator "Crafty v16.6"]
[PlyCount "55"]

{annotating for player Hossa using a scoring margin of +0.10 pawns. search
time limit is 12.00} 1. Nf3 1... d5 2. d4 Nf6 3. c4 e6 4. e3 c6 ({7:-0.32} 4...
c6 5. Nbd2 Bb4 6. Bd3 O-O 7. O-O 7... Nbd7 $14) ({7:-0.11} 4... Bb4+ 5. Bd2
Bxd2+ 6. Nfxd2 O-O 7. Nc3 dxc4 8. Nxc4 c5 9. dxc5 9... Nbd7 $10) 5. Bd3 Bd6 ({
8:-0.52} 5... Bd6 6. c5 Bc7 7. O-O O-O 8. Nc3 Nbd7 9. Bd2 $14) ({8:-0.16} 5...
dxc4 6. Bxc4 Nbd7 7. O-O Bd6 8. Nc3 O-O 9. Qd3 9... Ng4 $10) 6. O-O O-O ({
9:-0.46} 6... O-O 7. c5 Bc7 8. Nc3 b6 9. cxb6 axb6 10. Ng5 e5 11. Bd2 exd4 12.
exd4 $14) ({9:-0.17} 6... dxc4 7. Bxc4 Nbd7 8. Nc3 O-O 9. Bd2 Nb6 10. Bd3 Ng4
11. Rc1 $10) 7. Nc3 b6 ({9:-0.39} 7... b6 8. Ng5 Na6 9. cxd5 exd5 10. Be2 c5
11. Nb5 Re8 12. Nxd6 12... Qxd6 $14) ({9:-0.18} 7... dxc4 8. Bxc4 Nbd7 9. e4
Nb6 10. Bd3 Ng4 11. Bg5 Be7 12. Bf4 $10) 8. e4 Ba6 ({8:-2.52} 8... Ba6 9. e5
dxc4 10. Bc2 Nd5 11. exd6 Nxc3 12. bxc3 12... Qxd6 $18) ({8:-0.34} 8... dxc4 9.
Bxc4 b5 10. Bd3 b4 11. Na4 Ba6 12. Bg5 12... Qe7 $14) 9. cxd5 Bxd3 10. Qxd3 Bb4
11. dxe6 fxe6 12. e5 Bxc3 ({8:-4.49} 12... Bxc3 13. bxc3 Nfd7 14. Ng5 g6 15.
Nxe6 Nc5 16. Nxc5 bxc5 17. Bh6 17... Rf5 $18) ({8:-3.81} 12... Ng4 13. Ng5 Rf5
14. Nxe6 Qh4 15. h3 Rh5 16. Bg5 Rxg5 17. Nxg5 Bxc3 18. bxc3 Qxg5 19. hxg4 19...
Qxg4 $18) 13. bxc3 Ng4 14. Ng5 Rf5 15. Nxe6 Qh4 16. h3 Rf7 17. hxg4 a6 18. Ng5
Rd7 19. Rb1 b5 20. Qf5 Raa7 21. Qe6+ Rf7 22. Ba3 c5 23. Bxc5 Rae7 24. Bxe7 Qh2+
25. Kxh2 Nd7 26. Qxf7+ Kh8 27. Qe8+ Nf8 28. Qxf8# 1-0

[Event "ICS rated blitz match"]
[Site "207.99.83.227"]
[Date "1999.03.30"]
[Round "?"]
[White "Hossa"]
[Black "dillyman"]
[Result "1-0"]
[WhiteElo "2463"]
[BlackElo "2181"]
[PlyCount "97"]

1. e4 e5 2. Nf3 Nc6 3. Bc4 Bc5 4. c3 Nf6 5. d3 d6 6. O-O a6 7. d4 Bb6 8. dxe5
dxe5 9. Qxd8+ Nxd8 10. Bg5 O-O 11. Nxe5 Re8 12. Bxf6 gxf6 13. Nf3 Rxe4 14. Nbd2
Re8 15. Bd5 Be6 16. Rae1 Nc6 17. Bxc6 bxc6 18. Ne4 Kg7 19. b3 Red8 20. Nh4 a5
21. Re2 a4 22. c4 axb3 23. axb3 Bd4 24. Rb1 h6 25. Ng3 Kh7 26. Rc2 c5 27. h3
Rab8 28. Nf3 Rb7 29. h4 Rdb8 30. Nd2 Be5 31. Nge4 Bd4 32. h5 Bf5 33. Kf1 Bxe4
34. Nxe4 Rxb3 35. Rxb3 Rxb3 36. Ng3 Rb1+ 37. Ke2 Rb2 38. Rxb2 Bxb2 39. Nf5 Bd4
40. Nxd4 cxd4 41. c5 Kg7 42. Kd3 f5 43. Kxd4 Kf6 44. Kd5 Ke7 45. Kc6 Kd8 46.
Kb7 Kd7 47. c6+ Kd6 48. f4 f6 49. g3 {dillyman resigns} 1-0